Score 0/20 Timer 06:00
9 Plays Today
Hint Answer % Correct
Taylor Swift
95.4%
Jim Carrey
92%
Cameron Diaz
88.6%
Sandra Bullock
88.5%
Daniel Radcliffe
84.3%
Reese Witherspoon
83.4%
Jennifer Lawrence
82.9%
Jennifer Lopez
80.8%
Tim Allen
80.6%
Catherine, Duchess of Cambridge
79.5%
Hint Answer % Correct
Natalie Portman
73.9%
John Goodman
73.4%
Zooey Deschanel
72.8%
Christina Aguilera
71.5%
Robert Pattinson
70.7%
Keira Knightley
67.7%
Scarlett Johansson
58.8%
Alicia Keys
51.7%
Stanley Tucci
43.5%
Kerry Washington
41.7%

You're not logged in!

Compare scores with friends on all Sporcle quizzes.
OR
Log In

Sporcle TV

Today on Sporcle TV


Watch our educational content, quiz creation guides, and fun videos on Sporcle TV.

Show Comments

Extras

Top Quizzes Today


Score Distribution

Your Account Isn't Verified!

In order to create a playlist on Sporcle, you need to verify the email address you used during registration. Go to your Sporcle Settings to finish the process.

Report this User

Report this user for behavior that violates our Community Guidelines.

Details: